Vista normal
Vista MARC
Entrada Personal Name
Número de registros utilizados en: 1
001 - CONTROL NUMBER
- control field: 13425
003 - CONTROL NUMBER IDENTIFIER
- control field: DLC
005 - DATE AND TIME OF LATEST TRANSACTION
- control field: 20221017135343.0
008 - FIXED-LENGTH DATA ELEMENTS
- fixed length control field: 870804n| azannaabn |n aad
010 ## - LIBRARY OF CONGRESS CONTROL NUMBER
- LC control number: n 87116771
035 ## - SYSTEM CONTROL NUMBER
- System control number: (OCoLC)oca01910360
040 ## - CATALOGING SOURCE
- Original cataloging agency: DLC
- Language of cataloging: spa
- Description conventions: rda
- Transcribing agency: Mx-PuUPA
- Modifying agency: OCoLC
- Modifying agency: ICrlF
- Modifying agency: Mx-PuUPA
046 ## - SPECIAL CODED DATES
- Birth date: 1951-09-21
- Source of date scheme: edtf
100 1# - HEADING--PERSONAL NAME
- Personal name: Díaz, Gloria Cecilia,
370 ## - ASSOCIATED PLACE
- Place of birth: Calarcá (Colombia)
- Place of residence/headquarters: Paris (Francia)
- Source of term: naf
372 ## - FIELD OF ACTIVITY
- Field of activity: Literatura infantil
- Field of activity: Poesía
- Source of term: lcsh
374 ## - OCCUPATION
- Occupation: Autor
- Occupation: Poeta
- Occupation: Traductor
- Source of term: lcsh
375 ## - GENDER
- Gender: mujer
- Source of term: lcdgt
377 ## - ASSOCIATED LANGUAGE
- Language code: spa
670 ## - SOURCE DATA FOUND
- Source citation: nuc87-75930: El Sueño del oso, 1978
- Information found: (hdg. on NmU rept.: Díaz, Gloria Cecilia; usage: Gloria Cecilia Díaz)
670 ## - SOURCE DATA FOUND
- Source citation: Banrepcultural website, May 27, 2020
- Information found: (Gloria Cecilia Díaz was born on September 21, 1951 in the municipality of Calarcá ; children's literature, poetry, translation ; she worked as a literature teacher in several secondary schools between l973 to 1982 ; lives in Paris)